Statistics for Fish A-Z By picture

Click here to take the quiz!

General Stats

  • This quiz has been taken 261 times
  • The average score is 10 of 26

Answer Stats

Answer% Correct
Electric Eel
92%
Giant Manta Ray
83%
Atlantic Flyingfish
79%
Whale Shark
79%
Red Lionfish
72%
Red Bellied Piranha
60%
Alligator Gar
53%
Zebra Moray
50%
Northern Pike
49%
Pacific Halibut
42%
Indo-pacific Sailfish
38%
Pink Salmon
37%
Pacific Spiny Dogfish
35%
Yellow Tang
35%
X-Ray Tetra
28%
Queen Triggerfish
26%
Pacific Viperfish
16%
Blackeye Goby
14%
Mozambique Tilapia
14%
Oscar
14%
Antarctic Icefish
12%
Upside-Down Catfish
9%
Bowfin
5%
Lyretail Killifish
5%
Yellowhead Jawfish
4%
Copperband Butterflyfish
2%

Score Distribution

Percentile by Number Answered

Percent of People with Each Score

Your Score History

You have not taken this quiz